000 00419nam a2200181Ia 4500
001 1774
005 20260306143753.0
008 260306t2008||||xx |||||||||||||| ||spa||
041 _aESP
082 _a155.4
_bF36
100 _aFeldman, Robert S.
_eAUT
245 0 _aDesarrollo en la infancia
260 _c2008
300 _a608 pág :
_c27 x 21 cm.
650 _aGEN
654 _aCPS
942 _cLIB
_dJUS
_fJUS
_2ddc
_n
999 _c1774
_d1774